| 000 | 00834nam a2200265Ia 4500 | ||
|---|---|---|---|
| 003 | GCL | ||
| 008 | 140319s9999 xx 000 0 ara d | ||
| 040 |
_aGCL / _cGCL |
||
| 082 | 0 | 4 |
_a551.5 _bم ن |
| 100 | 1 | _aمحمد جمال الدين الفندى | |
| 245 | 1 | 0 |
_aالنشرة الجوية / _cمحمد جمال الدين الفندى |
| 260 |
_a[S.N] : _bالهيئة المصرية العامة للكتاب ، _c1987 |
||
| 300 | _a127 ص | ||
| 490 |
_aسلسلة العلم والحياة _v0 |
||
| 650 | 0 | 4 | _aالرياح |
| 650 | 0 | 4 | _aالطقس |
| 650 | 0 | 4 | _aالارصاد الجوية |
| 650 | 0 | 4 | _aالطرق الاحصائية |
| 650 | 0 | 4 | _aالاجهزة |
| 650 | 0 | 4 | _aالتنبؤات الجوية |
| 650 | 0 | 4 | _aالسحاب |
| 650 | 0 | 4 | _aالامطار |
| 650 | 0 | 4 | _aالنشرات |
| 942 |
_2ddc _cBK |
||
| 999 |
_c27936 _d27936 |
||